| 000 | 01794cam a22004457a 4500 | ||
|---|---|---|---|
| 999 |
_c28328 _d28299 |
||
| 001 | 13633599 | ||
| 003 | EG-ScBUE | ||
| 005 | 20200311100649.0 | ||
| 006 | m||||fq||h 00| 0 | ||
| 008 | 040623s2004 inua f 001 0 eng d | ||
| 020 | _a0672326027 | ||
| 020 | _a9780672326028 | ||
| 035 | _a(OCoLC)ocm55675062 | ||
| 040 |
_aVYF _beng _erda _cVYF _dDLC _dEG-ScBUE |
||
| 082 | 0 | 4 |
_a005.133 _bHOF _222 |
| 100 | 1 |
_aHoffman, Kevin, _d1975- _eauthor. |
|
| 245 | 1 | 0 |
_aC# programming : _bevolution / _cKevin Hoffman. |
| 246 | 3 | _aC sharp programming | |
| 246 | 3 | 4 |
_aC# programming : _bevolution : explore, modify and extend A : complete distributed .net application |
| 250 | _aFirst printing. | ||
| 264 | 1 |
_aIndianapolis, Indiana : _bSams, _c2004. |
|
| 300 |
_avii, 305 pages : _billustrations ; _c23 cm + _e1 CD |
||
| 336 |
_2rdacontent _atext _btxt |
||
| 336 |
_2rdacontent _asounds _bsnd |
||
| 337 |
_2rdamedia _aunmediated _bn |
||
| 337 |
_2rdamedia _aaudio _bs |
||
| 338 |
_2rdacarrier _avolume _bnc |
||
| 338 |
_2rdacarrier _acomputer disc _bCD |
||
| 500 | _aIncludes index. | ||
| 500 | _aCD-ROM includes .NET Framework v1.1 redistributable and software development kit and all source code for examples developed in book. | ||
| 520 | _aReaders learn real-world techniques in context and get a production quality application to use as a starting point for their own projects. | ||
| 630 | 0 | 7 |
_aMicrosoft .NET Framework. _2BUEsh |
| 650 | 7 |
_aC# (Computer program language) _2BUEsh |
|
| 653 |
_bCOMSCI _cMarch2020 |
||
| 655 |
_vReading book _934232 |
||
| 906 |
_a7 _bcbc _ccopycat _d2 _encip _f20 _gy-gencatlg |
||
| 942 |
_2ddc _cBB |
||